000 00665nam a2200205 a 4500
001 000011739
005 20240530073912.0
008 091027s1975 dr c 000 f spa d
040 _aDO-SdBNP
_bspa
_cBNPHU
082 _aRD861.44
_bA473c
100 1 _aÁlvarez, Cipriano
_927792
245 1 0 _aCampitaleño /
_cCipriano Álvarez ; presentación Robínson Lara Báez.
260 _aSanto Domingo :
_bNuevo Mundo,
_c1975.
300 _a100 p. ;
_c21 cm.
590 _aInventariado, 2019 / DG
650 0 _aNovela dominicana
_9223
650 4 _aLiteratura diminicana
_925434
700 1 _aLara Báez, Robínson
_927793
910 _aValidado. Control de calidad BNPHU.
999 _c11414
_d11414